Govt. of
Madhya Pradesh

कैसे पाएॅ साक्षात्‍कार में सफलता (Record no. 49122)

MARC details
000 -LEADER
fixed length control field 006290000a22001810004500
003 - CONTROL NUMBER IDENTIFIER
control field MACL
005 - DATE AND TIME OF LATEST TRANSACTION
control field 20160113111407.0
008 - FIXED-LENGTH DATA ELEMENTS--GENERAL INFORMATION
fixed length control field 160113b xxu||||| |||| 00| 0 eng d
040 ## - CATALOGING SOURCE
Original cataloging agency MACL
Transcribing agency MACL
041 ## - LANGUAGE CODE
Language code of text/sound track or separate title Hindi
082 ## - DEWEY DECIMAL CLASSIFICATION NUMBER
Classification number 080
100 ## - MAIN ENTRY--PERSONAL NAME
Personal name रचना प्रियदर्शनी
9 (RLIN) 31597
245 ## - TITLE STATEMENT
Title कैसे पाएॅ साक्षात्‍कार में सफलता
260 ## - PUBLICATION, DISTRIBUTION, ETC. (IMPRINT)
Name of publisher, distributor, etc. टथ्‍श्रळनत्‍ प्‍थ्‍बल्‍क्‍ैश्‍ज्ञनस्‍
Date of publication, distribution, etc. 2014
350 ## - PRICE (NR) (BK AM CF MU VM SE) [OBSOLETE]
Price 115
650 ## - SUBJECT ADDED ENTRY--TOPICAL TERM
Source of heading or term सामान्‍य की
942 ## - ADDED ENTRY ELEMENTS (KOHA)
Koha item type Hindi Books
Call number prefix 080
Source of classification or shelving scheme
Holdings
Withdrawn status Lost status Source of classification or shelving scheme Damaged status Not for loan Home library Current library Date acquired Cost, normal purchase price Total Checkouts Full call number Barcode Date last seen Date last checked out Uniform Resource Identifier Price effective from Koha item type
          MACL MACL 15/04/2015 115.00 1 080 DPI000070 13/07/2025 13/07/2025 49908 15/04/2015 Books